Caste and occupational mobility (Record no. 11317)

MARC details
000 -LEADER
fixed length control field 00370nam a2200145Ia 4500
082 ## - DEWEY DECIMAL CLASSIFICATION NUMBER
Classification number TM.0096
100 ## - MAIN ENTRY--AUTHOR NAME
Personal name Mandal, Bipin Bihari
245 #0 - TITLE STATEMENT
Title Caste and occupational mobility
260 ## - PUBLICATION, DISTRIBUTION, ETC. (IMPRINT)
Year of publication 1970
Name of publisher University of Patna
300 ## - PHYSICAL DESCRIPTION
Number of Pages 288p. + C D - 40
650 ## - SUBJECT ADDED ENTRY--TOPICAL TERM
Topical Term CASTE - BIHAR
650 ## - SUBJECT ADDED ENTRY--TOPICAL TERM
Topical Term OCCUPATIONAL MOBILITY - BIHAR
710 ## - ADDED ENTRY--CORPORATE NAME
Corporate name or jurisdiction name as entry element Sachchidananda
942 ## - ADDED ENTRY ELEMENTS (KOHA)
Koha item type Thesis
Source of classification or shelving scheme Dewey Decimal Classification
Holdings
Withdrawn status Lost status Damaged status Not for loan Home library Current library Date acquired Full call number Accession Number Price effective from Koha item type
        NASSDOC Library NASSDOC Library 08/10/2004 TM.0096 11615 18/04/2019 Thesis